Slovenský trh kín: minulosť, súčasnosť, budúcnosť bakalárska práca

Enregistré dans:
Détails bibliographiques
Auteur principal: Chrenková, Mária
Collectivité auteur: Fakulta podnikového manažmentu EU. Katedra manažmentu
Autres auteurs: Mišún, Juraj, 1978-
Format: Livre
Langue:slovaque
Publié: Bratislava 2013
Tags: Ajouter un tag
Pas de tags, Soyez le premier à ajouter un tag!

MARC

LEADER 00000nbm a2200000 4500
001 0172808
005 20161109112119.1
041 0 |a slo 
044 |a SK 
245 1 0 |a Slovenský trh kín: minulosť, súčasnosť, budúcnosť  |b bakalárska práca  |c Mária Chrenková ; školiteľ: Juraj Mišún 
264 1 |a Bratislava  |c 2013 
300 |a 57 s. 
100 1 |a Chrenková, Mária 
700 1 |a Mišún, Juraj, 1978- 
710 2 |a Fakulta podnikového manažmentu EU. Katedra manažmentu